000 00336nam a2200097Ia 4500
082 _a920 WEAD
245 0 _aAll the presidents' children : triumph and tragedy in the lives of America's first families
100 _a WEAD, Doug New York, 2004 1st trade pbk. ed
_971368
942 _cBK
008 210817s9999 xx 000 0 und d
999 _c319664
_d319663